[Event "Chess House GM-Tourney 2018"]
[Site "Aarhus"]
[Date "2018.02.10"]
[Round "2.5"]
[White "Bjerre, Jonas Buhl"]
[Black "Thogersen, Rasmus"]
[Result "0-1"]
[WhiteElo "2368"]
[BlackElo "2334"]
[Annotator "NA"]
[PlyCount "92"]
[EventDate "2018.??.??"]
[EventType "tourn"]
[EventCountry "DEN"]
[SourceTitle "playchess.com"]
[Source "ChessBase"]
[SourceQuality "1"]
[TimeControl "40/5400+30:1800+30"]

1. e4 {[%emt 0:00:00]} c5 {[%emt 0:00:05]} 2. Nf3 {[%emt 0:00:00]} d6 {[%emt 0:00:06]} 3. Bb5+ {[%emt 0:00:05]} Bd7 {[%emt 0:00:29]} 4. Bxd7+ {[%emt 0:00:13]} Nxd7 {[%emt 0:00:07]} 5. O-O {[%emt 0:00:30]} Ngf6 {[%emt 0:00:07]} 6. Qe2 {[%emt 0:00:42]} e6 {[%emt 0:03:41]} 7. c4 {[%emt 0:00:50]} Be7 {[%emt 0:03:08]} 8. b3 {[%emt 0:00:36]} O-O {[%emt 0:01:22]} 9. Bb2 {[%emt 0:00:41]} a6 {[%emt 0:03:19]} 10. d4 {[%emt 0:01:06]} cxd4 {[%emt 0:01:28]} 11. Nxd4 {[%emt 0:00:15]} Rc8 {[%emt 0:03:07]} 12. Nc3 {[%emt 0:01:47]} Re8 {[%emt 0:02:40]} 13. Rad1 {[%emt 0:02:15]} Qa5 {[%emt 0:07:54]} 14. f4 {[%emt 0:10:49]} Rc7 {[%emt 0:11:56]} 15. Rfe1 {[%emt 0:12:25]} Qh5 {[%emt 0:03:46]} 16. Qxh5 {[%emt 0:09:41]} Nxh5 {[%emt 0:00:07]} 17. g3 {[%emt 0:03:20]} h6 {[%emt 0:15:01]} 18. e5 {[%emt 0:09:08]} dxe5 {[%emt 0:05:54]} 19. fxe5 {[%emt 0:01:03]} Rd8 {[%emt 0:02:33]} 20. Nf3 {[%emt 0:07:44]} g5 {[%emt 0:02:16]} 21. Ne4 {[%emt 0:03:02]} g4 {[%emt 0:06:05]} 22. Nh4 {[%emt 0:02:31]} b5 {[%emt 0:03:34]} 23. Bc3 {[%emt 0:06:34]} Rb8 {[%emt 0:02:58]} 24. Ba5 {[%emt 0:04:02]} Ra7 {[%emt 0:00:51]} 25. Nd6 {[%emt 0:04:53]} bxc4 {[%emt 0:06:04]} 26. Nxc4 {[%emt 0:00:40]} Ng7 {[%emt 0:03:00]} 27. Re4 {[%emt 0:01:23]} h5 {[%emt 0:01:27]} 28. Kg2 {[%emt 0:01:01]} Bxh4 {[%emt 0:05:39]} 29. gxh4 {[%emt 0:00:04]} Nf5 {[%emt 0:00:16]} 30. h3 {[%emt 0:01:17]} Nc5 {[%emt 0:01:05]} 31. Rf4 {[%emt 0:01:20]} Nxh4+ {[%emt 0:00:21]} 32. Kf2 {[%emt 0:00:45]} Ng6 {[%emt 0:00:35]} 33. Rfd4 {[%emt 0:00:39]} gxh3 {[%emt 0:04:50]} 34. Kg3 {[%emt 0:02:21]} Rb5 {[%emt 0:00:46]} 35. Bd8 {[%emt 0:02:08]} a5 {[%emt 0:00:39]} 36. Bf6 {[%emt 0:01:35]} a4 {[%emt 0:00:17]} 37. Rd8+ {[%emt 0:04:01]} Kh7 {[%emt 0:00:02]} 38. Nd6 {[%emt 0:02:10]} Rb4 {[%emt 0:00:10]} 39. Rc8 {[%emt 0:01:42]} Rg4+ {[%emt 0:00:10]} 40. Kxh3 {[%emt 0:00:49]} axb3 {[%emt 0:31:31]} 41. Rxc5 {[%emt 0:10:22]} Nf4+ {[%emt 0:00:00]} 42. Kh2 {[%emt 0:00:44]} Rxa2+ {[%emt 0:00:00]} 43. Kh1 {[%emt 0:00:22]} Rgg2 {[%emt 0:00:00]} 44. Rc8 {[%emt 0:06:19]} Rh2+ {[%emt 0:00:00]} 45. Kg1 {[%emt 0:00:04]} Rag2+ {[%emt 0:00:00]} 46. Kf1 {[%emt 0:00:04]} Rh1# 0-1

[Event "Chess House GM-Tourney 2018"]
[Site "Aarhus"]
[Date "2018.02.12"]
[Round "3"]
[White "Vorobiov, Evgeny E."]
[Black "Thybo, Jesper Sondergaard"]
[Result "1/2-1/2"]
[WhiteElo "2548"]
[BlackElo "2479"]
[Annotator "TA"]
[PlyCount "83"]
[EventDate "2018.??.??"]
[EventType "tourn"]
[EventCountry "DEN"]
[SourceTitle "playchess.com"]
[Source "ChessBase"]
[SourceQuality "1"]

{[%evp 31,83,20,20,12,31,24,53,21,42,0,46,0,0,0,0,0,21,35,34,35,33,34,19,26,36,31,56,61,30,56,46,0,0,0,0,0,0,0,0,0,0,0,9,0,0,0,0,0,0,0,0,0,0,0]} 1. d4 Nf6 2. c4 e6 3. Nc3 Bb4 4. Nf3 d5 5. Bg5 h6 6. Bxf6 Qxf6 7. Qb3 c5 8. cxd5 exd5 9. e3 O-O 10. dxc5 Bxc3+ 11. Qxc3 Qxc3+ 12. bxc3 Nd7 13. Rd1 Nxc5 14. Rxd5 {D38: Queen's Gambit Declined: Ragozin Defence (4 Nf3 Bb4)} b6 15. Rd4 Be6 16. c4 Rac8 {LiveBook: 5 Games} 17. g4 {[%cal Bg2g4,Bg4g5][%mdl 32] [#]} g6 $146 ({Predecessor:} 17... f6 18. h4 Rc7 19. Be2 Na4 20. Kd2 Nb2 21. Kc3 Nxc4 22. Bxc4 {½-½ (35) Esen,B (2528)-Pashikian,A (2642) Aix les Bains 2011}) 18. g5 h5 19. Be2 Rc7 20. Kd2 Rfc8 21. Rb1 Bg4 22. h4 Ne6 23. Rd6 Bxf3 24. Bxf3 Rxc4 25. Bd5 $1 {[%csl LRc4,LRe6][%cal Rd5c4]} Rc2+ 26. Ke1 Rd8 27. Rxd8+ Nxd8 $11 {[%mdl 4096] Endgame KRB-KRN} 28. Rd1 Rc7 29. f4 Ne6 30. Ke2 Kf8 31. Kf3 (31. Bxe6 $5 fxe6 32. Rd2 $11) 31... Ke7 {The position is equal.} 32. Rd3 Rc1 33. Ra3 a5 34. Bxe6 Kxe6 {KR-KR} 35. Rb3 Rc6 36. Rb5 Kd6 37. f5 gxf5 $1 38. Rxf5 {[#] aiming for Rf6+.} Ke7 39. Rb5 Kf8 40. Kf4 Kg7 41. e4 a4 42. a3 {Precision: White = 60%, Black = 66%.} 1/2-1/2

[Event "Chess House GM-Tourney 2018"]
[Site "Aarhus"]
[Date "2018.02.12"]
[Round "3"]
[White "Kollars, Dmitrij"]
[Black "Miedema, David"]
[Result "1-0"]
[WhiteElo "2509"]
[BlackElo "2371"]
[Annotator "TA"]
[PlyCount "43"]
[EventDate "2018.??.??"]
[EventType "tourn"]
[EventCountry "DEN"]
[SourceTitle "playchess.com"]
[Source "ChessBase"]
[SourceQuality "1"]

{[%evp 13,43,49,57,42,95,86,83,80,79,77,77,81,142,140,140,141,128,129,145,111,103,105,111,112,110,81,101,75,117,96,452,476]} 1. e4 e6 2. d4 d5 3. exd5 exd5 4. Nf3 Bg4 5. h3 Bh5 6. Qe2+ Qe7 7. Be3 Nc6 8. Nc3 {C01: French: Exchange Variation} Bxf3 ({Black should try} 8... O-O-O $14) (8... O-O-O 9. O-O-O Nf6 10. g4 Bg6 11. Bg2 Ne4 12. Nxe4 Bxe4 13. a3 g6 14. Rhe1 Bg7 15. Bf1 h5 16. Nd2 Bxd4 17. Nxe4 dxe4 18. Bxd4 Nxd4 19. Qxe4 {0-1 (34) Bacrot,E (2708)-Caruana,F (2808) Paris 2017}) 9. Qxf3 $16 Nxd4 10. Qd1 {White is better.} Ne6 {[#] aiming for ...d4.} 11. Nxd5 $146 ({Predecessor:} 11. Qxd5 c6 12. Qc4 Qb4 13. O-O-O Nf6 14. a3 Qa5 15. g4 Be7 {1-0 (40) Meijers,V (2448)-Minor,S (1798) Bad Homburg 2004}) 11... Qd7 12. Qf3 Qc6 ({Better is} 12... c6 13. O-O-O Bd6) 13. O-O-O Ne7 14. Be2 Nxd5 15. Rxd5 {Threatens to win with Bb5.} a6 16. Rd3 Qxf3 17. Bxf3 ({Don't play} 17. gxf3 $6 Bd6 $11) 17... c6 18. Re1 Be7 19. Bg4 Rd8 {[#]} 20. Rb3 $1 {[%cal Rb3b7]} Rd7 21. Bd2 O-O $2 {[%mdl 8192]} (21... h5 $16) 22. Rxe6 $1 {Precision: White = 88%, Black = 46%.} 1-0

[Event "Chess House GM-Tourney 2018"]
[Site "Aarhus"]
[Date "2018.02.12"]
[Round "3"]
[White "Teplyi, Igor"]
[Black "Matthiesen, Martin"]
[Result "1-0"]
[WhiteElo "2402"]
[BlackElo "2314"]
[Annotator "TA"]
[PlyCount "59"]
[EventDate "2018.??.??"]
[EventType "tourn"]
[EventCountry "DEN"]
[SourceTitle "playchess.com"]
[Source "ChessBase"]
[SourceQuality "1"]

{[%evp 15,59,21,32,30,37,37,37,38,39,14,31,19,25,19,26,14,21,30,27,20,31,22,52,24,45,52,78,78,70,76,137,122,363,363,366,359,339,343,383,408,764,741,721,708,700,689]} 1. c4 e6 2. Nc3 d5 3. d4 Nf6 4. cxd5 exd5 5. Bg5 c6 6. e3 Be7 7. Bd3 Nbd7 8. h3 {D35: Damengambit (Abtauschvariante)} Nb6 {LiveBook: 5 Partien} 9. Nf3 Nh5 10. Bxe7 {Weiß steht etwas besser.} Qxe7 11. O-O $146 ({Vorgänger:} 11. Ne5 g6 12. O-O Ng7 13. Re1 O-O 14. e4 dxe4 15. Nxe4 Be6 {1-0 (40) Sokolov,I (2626)-Jepson,C (2421) Helsingor 2017}) 11... O-O 12. a3 Be6 13. Re1 g6 14. b4 a6 15. Qb3 Nc4 16. Bxc4 dxc4 17. Qb2 b5 18. Ne5 $36 {[%mdl 2048] Weiss hat gut koordiniertes Spiel.} Rfc8 19. Rad1 Nf6 20. e4 Nh5 21. Qc1 Qf6 22. Re3 Rc7 (22... g5 $142) 23. Rf3 $16 Qg7 $2 {[#]} (23... Qe7 $16) 24. g4 $1 $18 Nf6 25. Qf4 Ne8 {[#]} 26. d5 $1 {[%cal Rd5e6]} cxd5 27. exd5 {[%cal Be4d5,Bd5d6][%mdl 32]} Bc8 (27... f6 $142) 28. d6 {Weiß steht klar auf Gewinn.} Rd7 29. Nxd7 Bxd7 30. Nd5 {Precision: Weiß = 70%, Schwarz = 26%.} 1-0

[Event "Chess House GM-Tourney 2018"]
[Site "Aarhus"]
[Date "2018.02.12"]
[Round "3"]
[White "Thogersen, Rasmus"]
[Black "Kveinys, Aloyzas"]
[Result "1/2-1/2"]
[WhiteElo "2334"]
[BlackElo "2550"]
[Annotator "TA"]
[PlyCount "199"]
[EventDate "2018.??.??"]
[EventType "tourn"]
[EventCountry "DEN"]
[SourceTitle "playchess.com"]
[Source "ChessBase"]
[SourceQuality "1"]

{[%evp 20,199,36,31,58,57,74,56,70,47,37,38,52,60,69,40,46,42,40,0,0,0,0,0,32,25,83,64,71,63,302,295,282,304,304,294,302,300,298,277,278,277,289,267,242,5,4,0,107,52,60,69,118,85,120,0,0,-102,-51,-112,-26,-26,-27,-46,-46,-49,-59,-259,-16,-16,-16,-16,-16,-16,-16,-16,-16,-16,-16,-24,-24,-24,-24,-24,-24,-26,-16,-16,-16,-16,-16,-16,-16,-16,-16,-16,-16,-16,-16,-16,-16,-16,-16,-16,-16,-16,-12,-12,-12,-12,-12,-12,-12,-12,-12,-12,-12,-14,-14,-16,-16,-16,-16,-16,-16,-16,-16,-19,-19,-19,-19,-24,-19,-19,-19,-24,-24,-24,-24,-24,-20,-36,-24,-820,-820,-820,-820,-820,-820,-820,-820,-820,-820,-820,-820,-820,-820,-820,-820,-820,-820,-820,-820,-820,-820,-820,-820,-820,-820,-820,-820,-820,-820,-820,-820,-820,-820,-813,-824,-824,0,0]} 1. e4 Nf6 2. e5 Nd5 3. d4 d6 4. Nf3 dxe5 5. Nxe5 c6 6. Bc4 g6 7. O-O Bg7 8. Re1 O-O 9. c3 Be6 10. Nd2 Nd7 11. Nef3 {LiveBook: 12 Games. B04: Alekhine's Defence: 4 Nf3} (11. Nxd7 Qxd7 12. Ne4 Bf5 13. Nc5 Qc7 14. Bd3 b6 15. Nb3 Be6 16. Be4 Rad8 17. Qf3 Nf6 18. Bf4 Qc8 19. Bxc6 {1-0 (51) Vachier Lagrave,M (2705)-Fier,A (2563) Villandry 2012}) 11... N7b6 12. Bf1 $146 ({Find the theoretical novelty and annotate with similar games:} 12. Bd3 Nf4 13. Bf1 Bd5 14. c4 Be6 15. Ne4 Nh5 16. Qb3 Qc7 17. Nc5 Bc8 18. a4 Nd7 {1-0 (56) Alonso,S (2457)-Soppe,G (2432) Los Polvorines 2005}) 12... a5 13. Ne4 {White is better.} a4 14. Bg5 h6 15. Bd2 Nd7 16. Qc1 Kh7 17. h4 N5f6 18. Ng3 Bd5 19. Ne5 Nxe5 20. dxe5 Ng4 21. c4 Be6 22. Bc3 $1 Qc7 (22... Qb6 $11 23. Qf4 h5) 23. h5 $1 $16 Rad8 (23... Bxe5 $2 24. hxg6+ fxg6 25. Bxe5 $18) 24. Qc2 Nxe5 $2 (24... Bxe5 $2 25. Rxe5 $1 {[%mdl 512]} Nxe5 26. Re1 $18) (24... b5 $14) 25. Qe4 $18 Ng4 26. hxg6+ fxg6 27. Qxe6 Qf4 28. Re2 (28. Qxe7 Rf7 $16) 28... Rd4 29. Be1 (29. Qxe7 $6 Rf7 $18) 29... a3 30. Rb1 $1 (30. bxa3 $6 Rd6 $16) (30. Qxe7 axb2 31. Rb1 (31. Rxb2 Rf7 $16) 31... Rf7 $16) 30... axb2 31. Rbxb2 (31. Rexb2 Rd6 $18) 31... Rd1 32. Rxb7 $2 (32. Qxe7 $18 b6 33. Rb3 (33. Re4 Rxe1 34. Rxe1 Nxf2 $18)) 32... Rxe1 $1 $11 33. Qxe7 $1 {[%csl Gb7][%cal Re7g7]} Rg8 (33... Qxf2+ $1 $11 34. Rxf2 Rxe7 35. Rxe7 Nxf2) 34. Qf7 ({White should try} 34. Qc7 $16 Qd4 35. Qf7 Rxe2 36. Nxe2 (36. Bxe2 Ne5 $16)) 34... Qxf7 $14 35. Rxf7 Ra1 36. Ree7 h5 {[%cal Bh6h5,Bh5h4][%mdl 32]} 37. f3 (37. Ne4 $16) 37... Nh6 $11 38. Rf6 (38. Rf4 $1 $11) 38... Kh8 (38... h4 $17 39. Ne4 Nf5) 39. Rxc6 $15 {Black must now prevent Re4.} Bd4+ (39... h4 $1 $17 {[%cal Rh4g3]} 40. Rxg7 Kxg7 41. Rc7+ Nf7) 40. Kh2 $11 {Bd3 is the strong threat.} h4 $1 {[%cal Rh4g3]} 41. Ne2 Nf5 ({Don't blunder} 41... Bf2 $2 42. Rcc7 $18) 42. Nxd4 Nxe7 43. Rc7 $2 {[#]} (43. Re6 $15) 43... Nf5 $2 ({Not} 43... Rxf1 44. Rxe7 Rc8 45. Nb3 $15) (43... Re8 $1 $19 44. Be2 Rxa2) 44. Nxf5 gxf5 {[%mdl 4096] Endgame KRR-KRB} 45. Bd3 Rxa2 46. Kh3 Raxg2 47. Bxf5 {[%csl Gf5][%cal Rc7h7]} R8g3+ 48. Kxh4 Rxf3 49. Be6 Rf6 {[%cal Rf6h6]} 50. Rc8+ Kh7 {[%cal Rf6h6]} 51. Rc7+ Kh6 52. Bd5 Rgg6 (52... Rf4+ {NOTEXT} 53. Kh3 Ra2 54. Re7 Ra3+ 55. Kg2 Rf5) 53. Rf7 Rxf7 54. Bxf7 {KR-KB} Rf6 55. Bd5 Rf4+ 56. Kg3 Kg5 57. Be6 Re4 58. Bd5 Re3+ 59. Kf2 Kf4 60. Bf7 Ke4 {And now ...Rf3+ would win.} 61. Bd5+ Kd3 62. Bf7 Re5 63. Kg3 Re1 64. Bd5 Rf1 65. Kg4 Kd4 66. Kg5 Ke5 67. Kg6 Rf5 68. Bg8 Rf6+ 69. Kg5 Rf1 70. Bd5 Rg1+ 71. Kh6 Rg3 72. Kh5 Kf5 {[%cal Rg3h3]} 73. Kh6 Rg5 74. Be6+ Kf6 75. Bd5 Re5 76. Bc6 Rf5 77. Bd5 Rg5 78. Kh7 Rg4 79. Kh8 $1 Rg7 80. Bg8 Re7 81. Bh7 $2 {[%mdl 8192]} (81. Bd5 $11) 81... Kf7 $19 {( -> ...Re8+)} 82. Bg8+ {[#]} Kg6 $1 83. c5 Rc7 84. c6 Rc8 85. c7 Rxc7 86. Ba2 Rb7 87. Bg8 Ra7 88. Bb3 Rh7+ 89. Kg8 Rb7 {[%cal Rb7b8]} 90. Bc2+ Kf6 91. Kh8 Rb8+ 92. Kh7 Rb2 93. Bd3 Rb3 94. Bc2 Rc3 95. Bb1 Rc8 96. Ba2 Rb8 97. Bg8 Rb2 {[%cal Rb2h2]} 98. Kh8 Rh2+ 99. Bh7 Rxh7+ $2 (99... Rh4 $19 100. Kg8 Rg4+ 101. Kh8 Kf7) 100. Kxh7 {Precision: White = 62%, Black = 67%.} 1/2-1/2

[Event "Chess House GM-Tourney 2018"]
[Site "Aarhus"]
[Date "2018.02.12"]
[Round "3"]
[White "Olsen, Filip Boe"]
[Black "Bjerre, Jonas Buhl"]
[Result "1/2-1/2"]
[WhiteElo "2300"]
[BlackElo "2368"]
[Annotator "TA"]
[PlyCount "42"]
[EventDate "2018.??.??"]
[EventType "tourn"]
[EventCountry "DEN"]
[SourceTitle "playchess.com"]
[Source "ChessBase"]
[SourceQuality "1"]

{[%evp 24,42,0,0,0,0,0,0,0,0,0,0,0,0,0,0,0,0,0,0,0]} 1. d4 Nf6 2. c4 e6 3. Nc3 Bb4 4. e3 O-O 5. Bd3 d5 6. Nf3 c5 7. O-O cxd4 8. exd4 dxc4 9. Bxc4 b6 10. Qe2 Bb7 11. Rd1 Bxc3 12. bxc3 Qc7 {E54: Nimzo-Indian: Rubinstein: Main Line: 7...dxc4 8 Bxc4} 13. Bd2 {LiveBook: 5 Games. The position is equal.} (13. Ne5 Nbd7 14. Nxd7 Qxd7 15. Bd2 Ne4 16. f3 Nxd2 17. Qxd2 Rac8 18. Bb3 Bd5 19. Qd3 Qc6 20. Rac1 Bc4 21. Bxc4 Qxc4 {0-1 (110) Kravtsiv,M (2665)-Ding,L (2777) Tbilisi 2017}) 13... Bxf3 14. Qxf3 {Threatens to win with Bb5.} Qxc4 15. Qxa8 Nc6 16. Qb7 Nd5 $1 17. Rac1 Rb8 18. Qd7 Rd8 19. Qb7 $146 Rb8 20. Qd7 Rd8 21. Qb7 Rb8 1/2-1/2

[Event "Chess House GM-Tourney 2018"]
[Site "Aarhus"]
[Date "2018.02.13"]
[Round "4"]
[White "Thybo, Jesper Sondergaard"]
[Black "Thogersen, Rasmus"]
[Result "1-0"]
[WhiteElo "2479"]
[BlackElo "2334"]
[Annotator "TA"]
[PlyCount "99"]
[EventDate "2018.??.??"]
[EventType "tourn"]
[EventCountry "DEN"]
[SourceTitle "playchess.com"]
[Source "ChessBase"]
[SourceQuality "1"]

{[%evp 22,99,68,60,56,69,57,65,81,64,123,62,74,64,156,83,86,86,89,89,138,155,227,169,172,130,142,144,241,179,195,105,106,115,102,94,111,141,97,27,22,12,14,8,47,35,78,60,42,50,40,59,54,39,33,45,283,283,283,331,307,283,486,486,613,586,580,597,561,545,531,398,781,758,29972,29970,29969,29967,10246,6143]} 1. Nf3 Nf6 2. c4 g6 3. Nc3 Bg7 4. e4 d6 5. d4 O-O 6. Be2 e5 7. Be3 Ng4 8. Bg5 {[%cal Be3g5,Bg5h4,Bh4f2][%mdl 32]} f6 9. Bh4 Nc6 10. d5 Ne7 {[%cal Bc6e7,Be7g6,Bg6f4][%mdl 32]} 11. Nd2 Nh6 12. f3 g5 {E92: King's Indian: Classical: 6 Be2 e5: 7 dxe5, 7 Be3 and Petrosian System without 7...Nbd7} (12... c5 13. Rb1 g5 14. Bf2 f5 15. b4 b6 16. h3 Ng6 17. g4 fxg4 18. hxg4 Nf4 19. Rh2 Qf6 20. bxc5 bxc5 21. Bg3 {½-½ (43) Topalov,V (2768)-Radjabov,T (2781) Porto Carras 2011}) 13. Bf2 Ng6 14. g4 Nf7 {White is slightly better.} 15. Qc2 h5 $146 (15... c5 $14) ({Predecessor:} 15... a6 16. O-O-O Bd7 17. Kb1 Nf4 18. Bf1 Qe7 19. b4 Rfc8 20. c5 {0-1 (43) Nguyen,T (2306)-Bui,V Thua Thien Hue 2000}) 16. Nf1 ({White should play} 16. gxh5 $16 Nf4 17. h4) 16... Nf4 $14 17. Ne3 Nh6 {[#]} (17... Nh3 $14) 18. O-O-O (18. h4 $142 $1) 18... Nh3 19. Be1 Bd7 20. Kb1 Kf7 21. c5 Rh8 (21... hxg4 $16 22. fxg4 Kg8) 22. Qb3 ({Much less strong is} 22. gxh5 $6 Nf4) 22... Rb8 23. cxd6 cxd6 24. gxh5 Ng8 (24... Kg8 $16 {is a better defense.} 25. Bb5 Nf7) 25. Qa3 a6 26. Qxd6 (26. Bf1 $18) 26... Bf8 $16 27. Qe6+ $1 Bxe6 28. dxe6+ Kxe6 29. Bc4+ Ke7 {[#] And now ...Qc8 would win.} 30. Nf5+ (30. Rxd8 $16 Kxd8 31. Bxg8 Rxg8 32. Ncd5) 30... Ke8 $11 31. Rxd8+ Rxd8 32. Nd5 Nf4 33. Ba5 Rc8 34. Nc7+ Rxc7 $1 35. Bxc7 Ne7 36. Rd1 $36 {[%csl Gc7][%cal Rd1d8][%mdl 2048] Black is under pressure.} Nxf5 37. Rd8+ Ke7 {...Ne3 is the strong threat.} 38. exf5 {Threatens to win with Rb8.} Bg7 $2 (38... b5 $1 $14 39. Bb3 Rxh5) 39. Rxh8 $18 Bxh8 {[%mdl 4096] Endgame KBB-KBN} 40. h6 b5 41. Bg8 Ng2 $2 (41... Kf8) 42. Ba5 Nh4 43. Bb4+ Ke8 44. Be6 Nxf3 45. Bc8 Nd4 46. Bc5 Kd8 $2 (46... a5 47. Bxd4 exd4) 47. Bxd4 exd4 48. Bxa6 b4 49. Kc2 Kc7 50. Kd3 {Precision: White = 58%, Black = 33%.} 1-0

[Event "Chess House GM-Tourney 2018"]
[Site "Aarhus"]
[Date "2018.02.13"]
[Round "4"]
[White "Miedema, David"]
[Black "Teplyi, Igor"]
[Result "1-0"]
[WhiteElo "2371"]
[BlackElo "2402"]
[Annotator "ChessBase"]
[PlyCount "139"]
[EventDate "2018.??.??"]
[EventType "tourn"]
[EventCountry "DEN"]
[SourceTitle "playchess.com"]
[Source "ChessBase"]
[SourceQuality "1"]
[TimeControl "40/5400+30:1800+30"]

1. d4 {[%emt 0:00:00]} Nf6 {[%emt 0:01:35]} 2. c4 {[%emt 0:00:00]} e6 {[%emt 0:00:06]} 3. Nf3 {[%emt 0:00:02]} a6 {[%emt 0:01:59]} 4. Nc3 {[%emt 0:02:46]} d5 {[%emt 0:00:07]} 5. cxd5 {[%emt 0:12:22]} exd5 {[%emt 0:00:29]} 6. Bg5 {[%emt 0:00:04]} Be6 {[%emt 0:00:41]} 7. e3 {[%emt 0:01:11]} Nbd7 {[%emt 0:00:09]} 8. Be2 {[%emt 0:04:42]} Bd6 {[%emt 0:02:19]} 9. O-O {[%emt 0:00:14]} O-O {[%emt 0:01:03]} 10. e4 {[%emt 0:05:31]} dxe4 {[%emt 0:01:23]} 11. Nxe4 {[%emt 0:00:15]} Be7 {[%emt 0:02:16]} 12. Bd3 {[%emt 0:14:41]} Re8 {[%emt 0:12:04]} 13. Ng3 {[%emt 0:10:42]} c6 {[%emt 0:12:59]} 14. Nf5 {[%emt 0:10:19]} Bxf5 {[%emt 0:01:25]} 15. Bxf5 {[%emt 0:00:38]} Nd5 {[%emt 0:01:35]} 16. Bxe7 {[%emt 0:06:44]} Rxe7 {[%emt 0:02:07]} 17. Re1 {[%emt 0:06:11]} Rxe1+ {[%emt 0:02:46]} 18. Qxe1 {[%emt 0:00:03]} N7f6 {[%emt 0:00:25]} 19. Qd2 {[%emt 0:00:45]} Qd6 {[%emt 0:01:17]} 20. Re1 {[%emt 0:00:45]} Rd8 {[%emt 0:01:10]} 21. g3 {[%emt 0:02:56]} Kf8 {[%emt 0:11:10]} 22. Qc1 {[%emt 0:03:23]} Nc7 {[%emt 0:15:36]} 23. Qc4 {[%emt 0:06:50]} g6 {[%emt 0:04:43]} 24. Bc2 {[%emt 0:00:39]} Nfd5 {[%emt 0:01:59]} 25. a3 {[%emt 0:00:27]} Kg7 {[%emt 0:01:37]} 26. Qb3 {[%emt 0:01:38]} Qf6 {[%emt 0:02:33]} 27. Kg2 {[%emt 0:01:07]} Nb5 {[%emt 0:02:21]} 28. Re4 {[%emt 0:01:32]} Ndc7 {[%emt 0:02:05]} 29. Rf4 {[%emt 0:00:54]} Qe6 {[%emt 0:00:37]} 30. Qd3 {[%emt 0:00:37]} Nd5 {[%emt 0:00:47]} 31. Re4 {[%emt 0:00:19]} Qf6 {[%emt 0:00:42]} 32. h4 {[%emt 0:00:57]} Nd6 {[%emt 0:00:57]} 33. Re5 {[%emt 0:00:11]} Nc7 {[%emt 0:01:06]} 34. Bb3 {[%emt 0:01:05]} Nf5 {[%emt 0:00:34]} 35. Qe4 {[%emt 0:00:42]} Nb5 {[%emt 0:00:46]} 36. d5 {[%emt 0:00:39]} Nbd6 {[%emt 0:05:09]} 37. Qb4 {[%emt 0:01:45]} cxd5 {[%emt 0:04:03]} 38. Bxd5 {[%emt 0:00:52]} Ne7 {[%emt 0:00:49]} 39. h5 {[%emt 0:02:06]} h6 {[%emt 0:01:09]} 40. hxg6 {[%emt 0:00:49]} Nxg6 {[%emt 0:30:25]} 41. Rh5 {[%emt 0:06:44]} b5 {[%emt 0:00:00]} 42. Nh4 {[%emt 0:07:25]} Ne7 {[%emt 0:00:00]} 43. Bf3 {[%emt 0:00:55]} Nc4 {[%emt 0:00:00]} 44. b3 {[%emt 0:03:33]} Nd2 {[%emt 0:00:00]} 45. Bb7 {[%emt 0:03:15]} Rd6 {[%emt 0:00:00]} 46. a4 {[%emt 0:02:35]} bxa4 {[%emt 0:00:00]} 47. bxa4 {[%emt 0:02:02]} Qd4 {[%emt 0:00:00]} 48. Qxd4+ {[%emt 0:00:58]} Rxd4 {[%emt 0:00:00]} 49. Re5 {[%emt 0:00:28]} Ng6 {[%emt 0:00:00]} 50. Nf5+ {[%emt 0:04:30]} Kf6 {[%emt 0:00:00]} 51. Ra5 {[%emt 0:00:21]} Rb4 {[%emt 0:00:00]} 52. Bc8 {[%emt 0:00:25]} Ne4 {[%emt 0:04:00]} 53. Rxa6+ {[%emt 0:00:41]} Ke5 {[%emt 0:00:07]} 54. Ra5+ {[%emt 0:01:17]} Kf6 {[%emt 0:00:06]} 55. Ra6+ {[%emt 0:01:00]} Kg5 {[%emt 0:01:41]} 56. Ra5 {[%emt 0:01:23]} Kf6 {[%emt 0:00:32]} 57. Nxh6 {[%emt 0:01:02]} Ne5 {[%emt 0:00:18]} 58. Ra6+ {[%emt 0:00:55]} Ke7 {[%emt 0:00:26]} 59. Bf5 {[%emt 0:01:01]} Nc5 {[%emt 0:02:57]} 60. Ra7+ {[%emt 0:00:04]} Rb7 {[%emt 0:01:13]} 61. Rxb7+ {[%emt 0:00:46]} Nxb7 {[%emt 0:00:04]} 62. Bc2 {[%emt 0:00:09]} Kd6 {[%emt 0:00:33]} 63. f4 {[%emt 0:00:18]} Nc4 {[%emt 0:00:08]} 64. Bb3 {[%emt 0:00:32]} Nca5 {[%emt 0:01:14]} 65. Bxf7 {[%emt 0:00:46]} Ke7 {[%emt 0:00:21]} 66. Bg6 {[%emt 0:00:22]} Nc4 {[%emt 0:00:27]} 67. Kf2 {[%emt 0:00:36]} Nc5 {[%emt 0:00:23]} 68. Bc2 {[%emt 0:00:11]} Nb2 {[%emt 0:00:10]} 69. a5 {[%emt 0:00:34]} Nc4 {[%emt 0:00:16]} 70. a6 {[%emt 0:00:08]} 1-0

[Event "Chess House GM-Tourney 2018"]
[Site "Aarhus"]
[Date "2018.02.13"]
[Round "4"]
[White "Matthiesen, Martin"]
[Black "Vorobiov, Evgeny E."]
[Result "0-1"]
[WhiteElo "2314"]
[BlackElo "2548"]
[Annotator "TA"]
[PlyCount "78"]
[EventDate "2018.??.??"]
[EventType "tourn"]
[EventCountry "DEN"]
[SourceTitle "playchess.com"]
[Source "ChessBase"]
[SourceQuality "1"]

{[%evp 29,78,0,6,-5,0,0,22,24,33,50,65,48,61,22,0,0,0,-29,-8,-31,-21,-40,-20,-185,-157,-149,-136,-135,-75,-62,-80,-176,-187,-210,-170,-172,-168,-163,-164,-221,-195,-374,-394,-389,-361,-447,-448,-983,-978,-1331,-1314]} 1. d4 Nf6 2. Nf3 b6 3. c4 Bb7 4. Nc3 e6 5. a3 d5 6. cxd5 Nxd5 7. Qc2 Be7 8. e4 Nxc3 9. bxc3 O-O 10. Bd3 c5 11. O-O Qc7 12. Qe2 {E12: Queen's Indian: Unusual White 4th moves, 4 a3, 4 Nc3 Bb7 5 a3 and 4 Nc3 Bb7} Rd8 13. Bb2 Nc6 {[%cal Bb8c6,Bc6a5,Ba5b3][%mdl 32]} 14. Rad1 Na5 15. Rfe1 Rac8 {LiveBook: 3 Games} (15... Bf8 16. h4 h6 17. h5 cxd4 18. cxd4 Rac8 19. d5 exd5 20. e5 {½-½ (89) Kovalenko,I (2659)-Kravtsiv,M (2657) Martuni 2017}) 16. Ne5 Bf8 $146 ({Find the theoretical novelty and annotate with similar games:} 16... c4 17. Bc2 f6 18. Ng4 e5 19. Ne3 Bf8 {1-0 (40) Moutousis,K (2450)-Kourkoulos Arditis,S (2124) Heraklion 2011}) 17. h4 {[%cal Bh2h4,Bh4h5][%mdl 32]} Nb3 {[%cal Rc5d4]} 18. Bb1 Na5 19. h5 f6 20. Ng4 $1 Qf7 21. Rd3 (21. h6 $5) 21... Kh8 $36 {[%mdl 2048] White is under pressure.} 22. Rh3 $1 h6 23. Ba2 Qe8 24. Bb1 cxd4 25. cxd4 Nc4 26. Nh2 $2 {[#]} (26. Ba1 $1 $11 {and White is okay.}) 26... Nxb2 27. Qxb2 Qa4 28. Nf3 Qxa3 ({Better is} 28... Rc7 29. Qa2 Qa5) 29. Qxa3 $17 Bxa3 30. Nh4 (30. Ne5 $17 fxe5 31. Rxa3 exd4 32. Rxa7) 30... Bb4 $19 31. Rd1 Kg8 32. Ba2 Kf7 33. d5 Ke8 34. Rb1 (34. Ng6 $142) 34... a5 35. dxe6 $2 {[#]} (35. Rg3 Rc7 36. Bb3) 35... Bxe4 36. Rf1 Rd2 37. Re3 Bd3 {Black is clearly winning.} 38. Rfe1 (38. Rxd3 $142 Rxd3 39. Bb1) 38... Rxa2 39. Rxd3 Bxe1 {Precision: White = 31%, Black = 63%.} 0-1